Online katalóg knižníc regiónu Turca

Drsný milenec (Record no. 22248)

MARC details
000 -LEADER
fixed length control field 01238nam a2200361 a 4500
001 - CONTROL NUMBER
control field 22248
003 - CONTROL NUMBER IDENTIFIER
control field VRT
005 - DATE AND TIME OF LATEST TRANSACTION
control field 20260323151246.0
008 - FIXED-LENGTH DATA ELEMENTS--GENERAL INFORMATION
fixed length control field 251031s2004 xo g 0000f slo
015 ## - NATIONAL BIBLIOGRAPHY NUMBER
National bibliography number SNBA2006/02-00883
020 ## - INTERNATIONAL STANDARD BOOK NUMBER
International Standard Book Number 8088993482
Qualifying information (viaz.)
035 ## - SYSTEM CONTROL NUMBER
System control number VTK41707
039 #9 - LEVEL OF BIBLIOGRAPHIC CONTROL AND CODING DETAIL [OBSOLETE]
Level of rules in bibliographic description 202510310909
Level of effort used to assign nonsubject heading access points VLOAD
Level of effort used to assign subject headings 202403181759
Level of effort used to assign classification VLOAD
Level of effort used to assign subject headings 201712011433
Level of effort used to assign classification VLOAD
Level of effort used to assign subject headings 200605241355
Level of effort used to assign classification msnk45
040 ## - CATALOGING SOURCE
Original cataloging agency VTHK
Language of cataloging slo
Transcribing agency VTHK
Modifying agency SNK
041 1# - LANGUAGE CODE
Language code of text/sound track or separate title slo
Language code of original eng
044 ## - COUNTRY OF PUBLISHING/PRODUCING ENTITY CODE
MARC country code xo
ISO country code SK
072 #7 - SUBJECT CATEGORY CODE
Subject category code 821.111(73)-3
Subject category code subdivision Americká próza
Source konspekt
080 ## - UNIVERSAL DECIMAL CLASSIFICATION NUMBER
Universal Decimal Classification number (0:82-312.5)
Edition identifier MDT-MRF
080 ## - UNIVERSAL DECIMAL CLASSIFICATION NUMBER
Universal Decimal Classification number 821.111(73)-31
Edition identifier MDT-MRF
100 1# - MAIN ENTRY--PERSONAL NAME
Personal name Lowell, Elizabeth,
Dates associated with a name 1944-
Relationship aut
240 10 - UNIFORM TITLE
Uniform title Lover in the rough
Language of a work Slovensky
245 10 - TITLE STATEMENT
Title Drsný milenec
Statement of responsibility, etc. Elizabeth Lowell ; [z amerického originálu preložila Marta Kastlová]
250 ## - EDITION STATEMENT
Edition statement 1. vyd.
260 ## - PUBLICATION, DISTRIBUTION, ETC.
Place of publication, distribution, etc. Bratislava
Name of publisher, distributor, etc. Remedium
Date of publication, distribution, etc. 2004
300 ## - PHYSICAL DESCRIPTION
Extent 256 s.
Dimensions 21 cm
655 #7 - INDEX TERM--GENRE/FORM
Genre/form data or focus term americké romány
Source of term SNKPH
655 #7 - INDEX TERM--GENRE/FORM
Genre/form data or focus term ľúbostné romány
Source of term SNKPH
700 1# - ADDED ENTRY--PERSONAL NAME
Personal name Kastlová, Marta
Relationship trl
942 ## - ADDED ENTRY ELEMENTS (KOHA)
Source of classification or shelving scheme Dewey Decimal Classification
Koha item type Krásna literatúra pre dospelých
Suppress in OPAC No
949 ## - LOCAL PROCESSING INFORMATION (OCLC)
6 17A0484028
a snkSC 120777 D1
b snk2005/15468
o 1352/05
949 ## - LOCAL PROCESSING INFORMATION (OCLC)
6 17A0479779
a snkSC 120777
b snk2005/12718
o 1352/05
Holdings
Stav vyradenia Strata Poškodenie Spôsob nadobudnutia Domovská knižnica Aktuálna knižnica Dátum nadobudnutia Total checkouts Čiarový kód exemplára Date last seen Typ exemplára
      Dar Obecná knižnica Horná Štubňa Obecná knižnica Horná Štubňa 23.03.2026   9788088993483 23.03.2026 Krásna literatúra pre dospelých
Projekt je podporený Slovenskou asociáciou knižníc
Prevádzkuje Turčianska knižnica Martin 2026